| 000 | 00427pab a2200145 454500 | ||
|---|---|---|---|
| 008 | 180718b1987 xxu||||| |||| 00| 0 eng d | ||
| 100 | _aCaputo, David A | ||
| 245 |
_aAmerican federalism in the 1980's _bCentralisation vs. decentralisation |
||
| 260 | _c1987 | ||
| 300 | _a1-9 | ||
| 362 | _aJan.-June | ||
| 650 | _aFederalism - U.S.A. | ||
| 773 | _aJournal of Himachal Pradesh Institute of Public Administration | ||
| 909 | _a8437 | ||
| 999 |
_c8437 _d8437 |
||